| 000 | 00631nam a22002057a 4500 | ||
|---|---|---|---|
| 999 |
_c7057 _d7057 |
||
| 003 | OSt | ||
| 005 | 20211021112756.0 | ||
| 008 | 170725s2017 sp |||||r|||||0|| 0 spa|d | ||
| 017 | _aDL: M 10303-2017 | ||
| 020 | _a9788441538900 | ||
| 040 |
_aES-BaUPC _bcat _cCDMR |
||
| 100 | 1 | _aGonzález, Phil, | |
| 245 | 1 | 0 |
_aInstagram _b: ¡mucho más que fotos! _c/ Phil González |
| 260 |
_aMadrid : _bAnaya Multimedia, _c[2017] |
||
| 300 |
_a303 pàgines : _bil·lustracions ; _c24 cm |
||
| 504 | _aInclou referències bibliogràfiques i índex | ||
| 650 | 0 |
_aInstagram _94683 |
|
| 650 | 0 | 4 |
_aXarxes socials en línia _93128 |
| 942 |
_cMON _2udc |
||